000 01840nam a2200205Ia 4500
999 _c3315
_d3315
020 _a0071254323
020 _a9780071254328
050 _aHF5681
_b.B2 P4134
100 1 _aPenman, Stephen H.
245 1 0 _aFinancial statement analysis and security valuation /
_cStephen H. Penman.
250 _a3rd ed.
260 _a Boston
_b McGraw-Hill Irwin
_c2007
300 _axxiv,776 pages.
_billustrations
500 _aPrevious edition: 2004.
500 _aIncludes index.
505 _aIntroduction to Investing and Valuation -- Introduction to the Financial Statements Part One: Financial Statements and Valuation -- How Financial Statements Are Used in Valuation -- Cash Accounting, Accrual Accounting, and Discounted Cash Flow Valuation -- Accrual Accounting and Valuation: Pricing Book Values -- Accrual Accounting and Valuation: Pricing Earnings Part Two: The Analysis of Financial Statement -- Business Activities and Financial Statements -- The Analysis of the Statement of Shareholders' Equity -- The Analysis of the Balance Sheet and Income Statement -- The Analysis of the Cash Flow Statement -- The Analysis of Profitability -- The Analysis of Growth and Sustainable Earnings Part Three: Forecasting and Valuation Analysis -- The Value of Operations and the Evaluation of Enterprise Price-to- Book Ratios and Price-Earnings Ratios -- Simple Forecasting and Simple Valuation -- Full-Information Forecasting, Valuation, and Business Strategy Analysis Part Four: Accounting Analysis and Valuation -- Creating Accounting Value and Economic Value -- Analysis of the Quality of Financial Statements Part Five: The Analysis of Risk -- The Analysis of Equity Risk and the Cost of Capital -- The Analysis of Credit Risk.
650 0 _aFinancial statements
_xEvaluation.
650 0 _aInvestment analysis.
942 _cBK